Just enough carrots / (Record no. 9959)

MARC details
000 -LEADER
fixed length control field 01064nam a22003017a 4500
001 - CONTROL NUMBER
control field 9959
003 - CONTROL NUMBER IDENTIFIER
control field FISKH
005 - DATE AND TIME OF LATEST TRANSACTION
control field 20260319134214.0
008 - FIXED-LENGTH DATA ELEMENTS--GENERAL INFORMATION
fixed length control field 260319b cb ||||| |||| 00| 0 eng d
020 ## - INTERNATIONAL STANDARD BOOK NUMBER
International Standard Book Number 9780064467117
040 ## - CATALOGING SOURCE
Original cataloging agency FISKH
Language of cataloging eng
Transcribing agency FISKH
Modifying agency FISKH
050 ## - LIBRARY OF CONGRESS CALL NUMBER
Classification number QA295 .M88
082 ## - DEWEY DECIMAL CLASSIFICATION NUMBER
Classification number 513.2
100 ## - MAIN ENTRY--PERSONAL NAME
Personal name Murphy, Stuart J.
Relator term Author
245 ## - TITLE STATEMENT
Title Just enough carrots /
Statement of responsibility, etc. By Stuart J. Murphy ; illustrated by Frank Remkiewicz
260 ## - PUBLICATION, DISTRIBUTION, ETC.
Place of publication, distribution, etc. New York :
Name of publisher, distributor, etc. HarperCollins Publishers Inc. ,
Date of publication, distribution, etc. 1997
300 ## - PHYSICAL DESCRIPTION
Extent 31 pages :
Other physical details color illustrations ;
Dimensions 21 x 26 cm
490 ## - SERIES STATEMENT
Series statement MathStart :
Volume/sequential designation level 1
505 ## - FORMATTED CONTENTS NOTE
Formatted contents note G<br/>
520 ## - SUMMARY, ETC.
Summary, etc. While a bunny and his mother shop in a grocery store for lunch guests, the reader may count and compare the amounts of carrots, peanuts, and worms in the grocery carts of other shoppers.
521 8# - TARGET AUDIENCE NOTE
Target audience note 420<br/>
Source Lexile<br/>
521 8# - TARGET AUDIENCE NOTE
Target audience note G<br/>
Source Raz-Plus<br/>
650 ## - SUBJECT ADDED ENTRY--TOPICAL TERM
Topical term or geographic name entry element Mathematics
Form subdivision Juvenile literature
650 ## - SUBJECT ADDED ENTRY--TOPICAL TERM
Topical term or geographic name entry element Comparison
Form subdivision Counting
700 ## - ADDED ENTRY--PERSONAL NAME
Personal name Remkiewicz, Frank
Relator term Illustrator
942 ## - ADDED ENTRY ELEMENTS (KOHA)
Source of classification or shelving scheme Dewey Decimal Classification
Koha item type Books
Suppress in OPAC No
Holdings
Withdrawn status Lost status Source of classification or shelving scheme Damaged status Not for loan Collection Home library Current library Shelving location Date acquired Total Checkouts Full call number Barcode Date last seen Copy number Price effective from Koha item type
    Dewey Decimal Classification     Non-Fiction Footprints International School Library Network Toul Tom Poung Campus Footprints International School Library Network Toul Tom Poung Campus TTP Primary Dark Blue Bookshelves 03/19/2026   MUR 513.2 QA295 .M88 FIS03299 03/19/2026 1 03/19/2026 Books